Historia de las leyes / (Record no. 14869)
[ view plain ]
| 000 -CABECERA | |
|---|---|
| campo de control de longitud fija | 00918cam a2200241 a 4500 |
| 001 - NÚMERO DE CONTROL | |
| campo de control | 000015303 |
| 005 - FECHA Y HORA DE LA ÚLTIMA TRANSACCIÓN | |
| campo de control | 20200929164016.0 |
| 008 - DATOS DE LONGITUD FIJA--INFORMACIÓN GENERAL | |
| campo de control de longitud fija | 980127s1989 ck f000 0 spa d |
| 035 ## - NÚMERO DE CONTROL DEL SISTEMA | |
| Número de control de sistema | (DLC) 98107851 |
| 040 ## - FUENTE DE LA CATALOGACIÓN | |
| Centro catalogador/agencia de origen | DO-SdBNP |
| Lengua de catalogación | spa |
| Centro/agencia transcriptor | BNPHU |
| Centro/agencia modificador | DLC |
| 082 ## - NÚMERO DE LA CLASIFICACIÓN DECIMAL DEWEY | |
| Número de clasificación | 340.09861 |
| Número de documento/Ítem | R426h |
| 049 ## - FONDOS LOCALES (OCLC) | |
| Fondos de biblioteca | BNGR |
| 110 1# - ENTRADA PRINCIPAL--NOMBRE DE ENTIDAD CORPORATIVA | |
| Nombre de entidad corporativa o nombre de jurisdicción como elemento de entrada | República de Colombia |
| 9 (RLIN) | 34605 |
| 245 10 - MENCIÓN DE TÍTULO | |
| Título | Historia de las leyes / |
| Mención de responsabilidad, etc. | Senado de la República. |
| 260 ## - PUBLICACIÓN, DISTRIBUCIÓN, ETC. | |
| Lugar de publicación, distribución, etc. | Colombia : |
| Nombre del editor, distribuidor, etc. | Senado de la República, |
| Fecha de publicación, distribución, etc. | 1989. |
| 300 ## - DESCRIPCIÓN FÍSICA | |
| Extensión | v. ; |
| Dimensiones | 24 cm. |
| 505 0# - NOTA DE CONTENIDO CON FORMATO | |
| Información miscelánea | v. 1-2. |
| Título | Legislatura 1991 -- |
| Información miscelánea | v. 3. |
| Título | Legislatura 1991-1992 -- |
| Información miscelánea | v.4. |
| Título | Legislatura 1992 -- |
| Información miscelánea | v. 5-6. |
| Título | Legislatura 1992 -- |
| Información miscelánea | v. 7. |
| Título | Legislaturas 1992-1993 -- |
| Información miscelánea | v. 8. |
| Título | Legislaturas 1993. |
| 500 ## - NOTA GENERAL | |
| Nota general | La biblioteca posee los volúmenes: 1, 3, 4, y 5. |
| 650 #4 - PUNTO DE ACCESO ADICIONAL DE MATERIA--TÉRMINO DE MATERIA | |
| Término de materia o nombre geográfico como elemento de entrada | Derecho |
| Subdivisión geográfica | Colombia |
| Subdivisión general | Legislación |
| 9 (RLIN) | 34606 |
| 650 #4 - PUNTO DE ACCESO ADICIONAL DE MATERIA--TÉRMINO DE MATERIA | |
| Término de materia o nombre geográfico como elemento de entrada | Legislación |
| Subdivisión geográfica | Colombia |
| Subdivisión general | Historia |
| 9 (RLIN) | 34607 |
| 910 ## - DATOS DE OPCIÓN DEL USUARIO (OCLC) | |
| Datos de opción del usuario | Catalogación derivada |
| 910 ## - DATOS DE OPCIÓN DEL USUARIO (OCLC) | |
| Datos de opción del usuario | WM |
| Estado de retiro | Estado de pérdida | Restricciones de uso | No para préstamo | Código de colección | Localización permanente | Ubicación/localización actual | Ubicación en estantería | Fecha de adquisición | Número de inventario | Total de préstamos | Signatura topográfica completa | Código de barras | Fecha visto por última vez | Precio válido a partir de | Tipo de ítem Koha |
|---|---|---|---|---|---|---|---|---|---|---|---|---|---|---|---|
| Monografías: Libros y Folletos | General | General | Depósito | 04.02.2010 | LF1 | 340.09861 R426h | v.1 | 15303-10 | 25.06.2020 | 25.06.2020 | Préstamo en sala | |||||
| Monografías: Libros y Folletos | General | General | Depósito | 04.02.2010 | LF1 | 340.09861 R426h | v.3 | 15303-20 | 25.06.2020 | 25.06.2020 | Préstamo en sala | |||||
| Monografías: Libros y Folletos | General | General | Depósito | 04.02.2010 | LF1 | 340.09861 R426h | v.4 | 15303-30 | 25.06.2020 | 25.06.2020 | Préstamo en sala | |||||
| Monografías: Libros y Folletos | General | General | Depósito | 04.02.2010 | LF1 | 340.09861 R426h | v.5 | 15303-40 | 25.06.2020 | 25.06.2020 | Préstamo en sala |
